|
|
|
|
| LEADER |
00000cam a2200000 a 4500 |
| 001 |
002027 |
| 003 |
UAHC_CL |
| 005 |
20170803115810.0 |
| 008 |
020618b1999 sp 000 spa |
| 020 |
|
|
|a 8476282680
|
| 040 |
|
|
|a UAHC_CL
|c UAHC_CL
|d UAHC_CL
|
| 100 |
1 |
|
|a Rassial, Jean-Jacques
|
| 245 |
1 |
3 |
|a El pasaje adolescente : de la familia al vínculo social /
|c Jean-Jacques Rassial.
|
| 260 |
|
|
|b Del Serbal
|c 1999
|a Barcelona, España
|
| 300 |
|
|
|a 199 p.
|
| 490 |
0 |
|
|a Coleccion antigona
|v 7
|
| 900 |
|
|
|a 155.5 RAS
|
| 942 |
|
|
|c BK
|
| 952 |
|
|
|0 0
|1 0
|4 0
|6 155_500000000000000_RAS
|7 0
|8 General
|9 4631
|a BC
|b BC
|c General
|d 2017-08-03
|l 0
|o 155.5 RAS
|p 1325472
|r 2026-01-07 00:00:00
|t 1
|w 2017-08-03
|y BK
|
| 952 |
|
|
|0 0
|1 0
|4 0
|6 155_500000000000000_RAS
|7 0
|8 General
|9 4632
|a BC
|b BC
|c General
|d 2017-08-03
|l 0
|o 155.5 RAS
|p 1325473
|r 2026-01-07 00:00:00
|t 2
|w 2017-08-03
|y BK
|
| 999 |
|
|
|c 2027
|d 2027
|